All wasabi powers- brawl stars. Sudden death - Statistics

General Stats
  • This quiz has been taken 51 times
    39 since last reset
  • The average score is 18 of 60
Answers on the Grid
Answers color-coded by a green-red scale on the quiz's grid according to % correct below.
8-bit
Amber
Angelo
Ash
Barley
Bea
Belle
Berry
Bibi
Bo
Bonnie
Brock
Bull
Buster
Buzz
Byron
Carl
Charlie
Chester
Chuck
Clancy
Colette
Colt
Cordelius
Crow
Darryl
Doug
Draco
Dynamike
Edgar
El primo
Emz
Eve
Fang
Finx
Frank
Gale
Gene
Gray
Griff
Grom
Gus
Hank
Jacky
Jae-yong
Janet
Jessie
Juju
Kenji
Kit
Larry & Lawrie
Leon
Lily
Lola
Lou
Lumi
Maisie
Mandy
Max
Meeple
Meg
Melodie
Mico
Moe
Mortis
Mr.P
Nani
Nita
Ollie
Otis
Pam
Pearl
Penny
Piper
Poco
R-T
Rico
Rosa
Ruffs
Sam
Sandy
Shade
Shelly
Spike
Sprout
Squeak
Stu
Surge
Tara
Tick
Willow
 
Answer Stats
Answer % Correct
Angelo
73%
Ash
73%
Amber
67%
8-bit
60%
Berry
60%
Barley
53%
Bea
53%
Belle
47%
Carl
47%
Brock
40%
Bull
40%
Byron
40%
Crow
40%
Bo
33%
Colt
33%
Finx
33%
Buzz
27%
Charlie
27%
Colette
27%
Draco
27%
Edgar
27%
El primo
27%
Eve
27%
Fang
27%
Frank
27%
Gray
27%
Hank
27%
Jae-yong
27%
Juju
27%
Kenji
27%
Leon
27%
Max
27%
Meg
27%
Mortis
27%
Rico
27%
Rosa
27%
Ruffs
27%
Stu
27%
Tara
27%
Gene
20%
Gus
20%
Jessie
20%
Lily
20%
Lola
20%
Meeple
20%
Moe
20%
Nita
20%
Pam
20%
Pearl
20%
Penny
20%
Piper
20%
Poco
20%
Shade
20%
Shelly
20%
Spike
20%
Sprout
20%
Surge
20%
Tick
20%
Mr.P
13%
Ollie
13%
No matching quizzes found
Score Distribution
Percent of People with Each Score
Percentile by Number Answered
Your Score History
You have not taken this quiz since the last reset